[Event "Figueres op 08th"]
[Site "Figueres"]
[Date "2007.08.10"]
[Round "3"]
[White "Gregore, Anton"]
[Black "Marholev, Dimitar"]
[Result "0-1"]
[WhiteElo "1927"]
[BlackElo "2402"]
[PlyCount "98"]
[EventDate "2007.08.08"]
[EventType "swiss"]
[EventRounds "9"]
[EventCountry "ESP"]
[SourceTitle "CBM 120 Extra"]
[Source "ChessBase"]
[SourceDate "2007.11.01"]
[SourceVersion "1"]
[SourceVersionDate "2007.11.01"]
[SourceQuality "1"]

1. e4 e5 2. Nf3 Nc6 3. Bc4 Nf6 4. Ng5 d5 5. exd5 Na5 6. Bb5+ Bd7 7. Bxd7+ Qxd7 8. 0-0 h6 9. Nf3 e4 10. Ne5 Qxd5 11. d4 Nc6 12. Nxc6 Qxc6 13. c3 0-0-0 14. Be3 Bd6 15. Nd2 h5 16. Qb3 Bxh2+ 17. Kxh2 Ng4+ 18. Kg1 Qd6 19. g3 Nxe3 20. Rfe1 Ng4 21. Nxe4 Qg6 22. Rad1 h4 23. c4 hxg3 24. Qxg3 Qh5 25. Kg2 f5 26. Rh1 Qf7 27. Nd2 Rxh1 28. Rxh1 Rxd4 29. Rh8+ Rd8 30. Qh4 Qf6 31. Qxf6 Nxf6 32. Rxd8+ Kxd8 33. f3 c5 34. b3 Ke7 35. Kf2 Ke6 36. Ke3 g5 37. Nb1 Ke5 38. Nd2 f4+ 39. Kd3 Kf5 40. Ke2 g4 41. fxg4+ Nxg4 42. Nb1 Ne5 43. Nc3 Kg4 44. Ne4 b6 45. Nc3 Kg3 46. Kf1 f3 47. Ne4+ Kf4 48. Nc3 Ng4 49. Nd5+ Kg3 0-1